000 00434nam a2200145 i 4500
001 63255
003 ES-MaACL
007 t|
008 031205s1955 sp ||||1| spa d
100 1 _aFernández Serrano, Antonio.
_950093
245 1 3 _aLa abogacía en España y en el mundo /
_cpor Antonio Fernández Serrano.
260 _aMadrid :
_bL.I.D.,
_c1955 (
_fLutkas)
300 _a2 v. ;
_c21 cm.
852 _aES-MaACL
_jC-9614-5
_bR.37620
999 _c63255
_d63255